| 000 | 00462nmm a2200157Ia 4500 | ||
|---|---|---|---|
| 008 | 251105s9999||||xx |||||||||||||||||und|| | ||
| 020 | _a9786287777422 | ||
| 041 | _aspa | ||
| 100 | _aArenas Mejía, Ana María | ||
| 245 | 0 | _aLa hoguera de Filomeno | |
| 264 |
_a[Bogotá, Colombia] : _bEditorial Aula de Humanidades, _c2025 |
||
| 300 | _a64 páginas | ||
| 650 | _aAges 6-8 Years Old | ||
| 856 | _uhttps://public.digitaliapublishing.com/a/175606 | ||
| 942 | _cCF | ||
| 999 |
_c76082 _d76082 |
||